|
|
|
|
| LEADER |
00858nab#a2200301#ar4500 |
| 001 |
000052012 |
| 003 |
SVKKK |
| 005 |
20050405100357.0 |
| 008 |
050331c2005 xo e slo |
| FMT |
|
|
|
| 038 |
|
|
|a SVKKK
|
| 040 |
|
|
|a SVKKK
|b slo
|e AACR2
|
| 041 |
0 |
|
|a slo
|
| 044 |
|
|
|a xo
|c SK
|
| 080 |
|
|
|a 284(437.6)
|2 1997
|
| 080 |
|
|
|a 378.096:284
|2 1997
|
| 100 |
1 |
|
|a Olejárová, Ľubica
|4 aut
|
| 245 |
1 |
0 |
|a Z Katedry praktickej teológie :
|b diakonická pomoc a mladá rodina
|c Ľubica Olejárová
|
| 610 |
2 |
4 |
|a Univerzita Komenského (Bratislava, Slovensko).
|b Evanjelická bohoslovecká fakulta.
|b Katedra praktickej teológie
|x ciele
|
| 773 |
0 |
|
|t Evanjelický posol spod Tatier
|x 0139-8768
|g Roč. 95, č. 4 (2005), s. 9
|
| 957 |
|
|
|a 101
|
| 958 |
|
|
|a B1
|
| 974 |
|
|
|a Čr
|
| 992 |
|
|
|a RBX
|
| BAS |
|
|
|
| 852 |
|
|
|a SVKKK
|b BIB
|
| EXP |
|
|
|
| 998 |
|
|
|a SLO
|